Tilastot visalle Suomen maakunnat

Klikkaa tästä pelataksesi tätä visaa!

Yleistilastot

  • Tätä visaa on pelattu 506 kertaa
  • Keskiarvotulos 15 / 19

Vastaustilastot

Asukasluku (31.12.2015)Maakunta% Oikein
180 848Lappi
98%
1 620 163Uusimaa
95%
164 744Pohjois-Karjala
88%
406 966Pohjois-Pohjanmaa
88%
131 113Etelä-Karjala
86%
192 580Etelä-Pohjanmaa
86%
150 292Etelä-Savo
85%
248 112Pohjois-Savo
84%
506 098Pirkanmaa
83%
275 722Keski-Suomi
82%
474 164Varsinais-Suomi
79%
78 388Kainuu
79%
181 635Pohjanmaa
77%
222 920Satakunta
76%
28 992Ahvenanmaa
75%
68 990Keski-Pohjanmaa
71%
174 682Kanta-Häme
69%
201 532Päijät-Häme
65%
178 675Kymenlaakso
55%

Tulosjakauma

Persentiili vastausten määrän mukaan

Jokaisen tuloksen saaneiden osuus

Tuloshistoriasi

Et ole pelannut tätä visaa